Pelagic and semi-pelagic trawling gear

Đã lưu trong:
书目详细资料
主要作者: John Garner
格式: 图书
语言:Undetermined
出版: Surrey, Eng Fishing News Books 1978
主题:
标签: 添加标签
没有标签, 成为第一个标记此记录!
Thư viện lưu trữ: Trung tâm Học liệu Trường Đại học Cần Thơ
LEADER 00483nam a2200181Ia 4500
001 CTU_58198
008 210402s9999 xx 000 0 und d
082 |a 639.22028 
082 |b G234 
100 |a John Garner 
245 0 |a Pelagic and semi-pelagic trawling gear 
245 0 |c John Garner 
260 |a Surrey, Eng 
260 |b Fishing News Books 
260 |c 1978 
650 |a trawls and trawling 
904 |i Minh 
980 |a Trung tâm Học liệu Trường Đại học Cần Thơ